| 000 | 00000nam##2200000za#4500 |
| 001 | 9.692917 |
| 003 | CaOODSP |
| 005 | 20210624233429 |
| 007 | cr ||||||||||| |
| 008 | 150407|2009||||xxc|||||o f|0| 0 eng|d |
| 020 | |a978-1-100-14375-0 |
| 040 | |aCaOODSP|beng |
| 043 | |an-cn--- |
| 086 | 1 |aT29-67/2009E-PDF |
| 110 | 1 |aCanada.|bTransport Canada. |bMarine Safety. |
| 245 | 10|aBoating safety courses and test syllabus |h[electronic resource] |
| 250 | |a1st ed. |
| 260 | |aOttawa - Ontario : |bTransport Canada. |cDecember 2009. |
| 300 | |a44p.|btables |
| 590 | |a12-24-Supp|b2012-05-30 |
| 690 | 07|aMarine safety|2gcpds |
| 775 | 08|tPlan du cours et des examens de sécurité nautique |w(CaOODSP)9.637126 |
| 856 | 40|ahttp://publications.gc.ca|qPDF|s773 KB|uhttps://publications.gc.ca/collections/collection_2011/tc/T29-67-2009-eng.pdf |
| 986 | |aTP 14932E (12/2009) |